000 00540nam a2200181Ii 4500
003 JO-AjNU
008 230605s9999||||xx |||||||||||||| ||und||
040 _aJO-AjNU
_bara
_erda
_cJO-AjNU
041 _aara
050 1 4 _aKMM423 S25 1997
100 3 _a نمور، محمد سعيد,
_eauthor
_946914
245 0 0 _aالجرائم الواقعة على الأموال
250 _aط1
264 3 1 _aعمان: د،ن، 1997
336 _atext
_btxt
_2rdacontent
337 _aunmediated
_bn
_2rdamedia
338 _avolume
_bnc
_2rdacarrier
999 _aA20443
_c24011
_d24011